000 00716nam a2200289Ia 4500
005 20260324121233.0
008 008 260324s9999 xx 000 0 eng d
020 _a9780429109560
037 _aEBOOK
040 _aCRL
040 _beng
040 _cCRL
041 _2eng
041 _aeng
084 _qCRL
100 _aBarry M. Mundt; Stephen D. Egan Jr.; Francis J. Smith
_91161731
245 0 _aManaging Professional Service Delivery
245 0 _b9 Rules for Success
260 _bTaylor and Francis
260 _c2014
365 _a
365 _b195
856 _uhttp://www.taylorfrancis.com/books/9780429109560
942 _cEBOOK
999 _c1753703
_d1753703